00329nam a2200133Ia 4500008004100000041000800041082001500049100002100064245002800085260003900113300001400152365000700166650002200173210719s1888 xx 000 0 und d aeng a820.9 MORE aMORLEY (John) Ed aEnglish men of letters. aLondonbMacmillan & Co. Ltd.c1888 ax,586bHB cRs aEnglish Criticism